000 00382nam a22001697a 4500
005 20160630100622.0
008 160630b xxu||||| |||| 00| 0 eng d
020 _a81-85749-48-5
041 _aeng
082 _b12949
100 _aSinhgal, R K
_93265
245 _aAutomobile Engineering
260 _c2011
300 _a333
650 _aDiploma Engineering
_9817
942 _cBK
999 _c4834
_d4832